Statistiques concernant Villes européennes par image n°1

Cliquez ici pour prendre le quiz!

Statistiques générales

  • Ce quiz a été pris 2,988 fois
  • Le résultat moyen est 8 sur 15

Statistiques - réponses

Answer % Correct
Paris
100%
Rome
99%
Barcelone
80%
Berlin
78%
Prague
53%
Budapest
53%
Genève
50%
Milan
47%
Copenhague
44%
Pampelune
39%
Saint-Pétersbourg
36%
Dublin
29%
Munich
25%
Turin
23%
Birmingham
4%

Distribution des résultats

Percentile by Number Answered

% des personnes avec chaque résultat

Votre développement - résultats

Vous n’avez pas pris ce quiz